[Event "Sodingen - Werther"]
[Site "NRW-K1 2003/24"]
[Date "2023.12.03"]
[Round "4.8"]
[White "Ribbeheger, Edgar"]
[Black "Linnenbruegger, Felix"]
[Result "1-0"]
[WhiteElo "2016"]
[BlackElo "1413"]
[PlyCount "58"]
[EventDate "2023.??.??"]
[SourceVersionDate "2023.09.25"]

1. d4 Nf6 2. c4 e6 3. Nf3 d5 4. Nc3 Bb4 5. Qc2 Nc6 6. e3 O-O 7. a3 Bxc3+ 8. Qxc3 Ne4 9. Qc2 f5 10. Bd3 Qf6 11. O-O Bd7 12. b4 a6 13. Bb2 g5 14. Ne5 Nxe5 15. dxe5 Qd8 16. f3 g4 17. fxe4 dxe4 18. Be2 Rf7 19. c5 Qg5 20. Rf4 Rg7 21. Rd1 Bc6 22. Bc4 Rg6 23. Qb3 Re8 24. a4 Qh5 25. g3 Kg7 26. b5 Rh6 27. Qc2 Bd5 28. Bxd5 Rd8 29. Qf2 c6 1-0

[Event "Werther - Paderborn"]
[Site "?"]
[Date "2024.02.04"]
[Round "5.1"]
[White "Moeller, Maurin"]
[Black "Haskenhoff, Jan"]
[Result "1-0"]
[WhiteElo "2244"]
[BlackElo "2171"]
[PlyCount "61"]
[EventDate "2024.??.??"]
[SourceVersionDate "2023.09.25"]

1. e4 c5 2. Nf3 d6 3. d4 cxd4 4. Nxd4 Nf6 5. Nc3 g6 6. Be3 Bg7 7. f3 Nc6 8. Qd2 O-O 9. Bc4 Bd7 10. h4 Rc8 11. Nxc6 Bxc6 12. h5 Bxe4 13. Bb3 Bf5 14. g4 Rxc3 15. bxc3 Qa5 16. gxf5 Ne4 17. Qd3 Bxc3+ 18. Ke2 Ng3+ 19. Kf2 Bxa1 20. Kxg3 gxf5 21. Kf2 Bf6 22. Bd4 e5 23. Be3 f4 24. Bd2 Qd8 25. Kf1 Qd7 26. c4 Bd8 27. c5 Bc7 28. Bxf4 exf4 29. Rg1+ Kh8 30. Qd4+ f6 31. Qxf6+ 1-0

[Event "Werther - Paderborn"]
[Site "?"]
[Date "2024.02.04"]
[Round "5.2"]
[White "Freiberger, Jonas"]
[Black "Kesselmeier, Kevin"]
[Result "1-0"]
[WhiteElo "2209"]
[BlackElo "2026"]
[PlyCount "61"]
[EventDate "2024.??.??"]
[SourceVersionDate "2023.09.25"]

1. e4 c5 2. Nc3 Nc6 3. Bb5 g6 4. Bxc6 bxc6 5. d3 Bg7 6. f4 d6 7. Nf3 Rb8 8. O-O Qa5 9. Qe1 c4 10. d4 Bg4 11. e5 Nh6 12. exd6 O-O 13. Ne5 Qb6 14. dxe7 Rfe8 15. Be3 Qc7 16. d5 cxd5 17. Nxd5 Qb7 18. Qa5 Be6 19. Rad1 Bxd5 20. Qxd5 Qxd5 21. Rxd5 Bxe5 22. fxe5 Nf5 23. Rxf5 gxf5 24. Bxa7 Rb7 25. Bc5 Rxb2 26. a4 f6 27. e6 Kg7 28. a5 Rb5 29. Rd8 Rxc5 30. Rxe8 Rc7 31. Rf8 1-0

[Event "Werther - Paderborn"]
[Site "?"]
[Date "2024.02.04"]
[Round "5.3"]
[White "Augner, Bjoern"]
[Black "Suchland, Marko"]
[Result "1/2-1/2"]
[WhiteElo "2018"]
[BlackElo "2167"]
[PlyCount "141"]
[EventDate "2024.??.??"]
[SourceVersionDate "2023.09.25"]

1. Nf3 d5 2. e3 Nf6 3. c4 c6 4. Nc3 g6 5. d4 Bg7 6. Be2 O-O 7. O-O dxc4 8. Bxc4 Bg4 9. h3 Bxf3 10. Qxf3 Nbd7 11. Bb3 e5 12. dxe5 Nxe5 13. Qe2 Qd3 14. Re1 Rfe8 15. e4 Qxe2 16. Rxe2 Nd3 17. Bg5 h6 18. Bh4 g5 19. Bg3 Nh5 20. Rd1 Nxg3 21. fxg3 Nc5 22. Bc2 Be5 23. Kf2 Rad8 24. Red2 Rxd2+ 25. Rxd2 Bxc3 26. bxc3 Nxe4+ 27. Bxe4 Rxe4 28. Rd7 Ra4 29. Rxb7 Rxa2+ 30. Ke3 Rxg2 31. Kf3 Ra2 32. Rc7 a5 33. Rxc6 Kg7 34. Kg4 Rf2 35. Ra6 a4 36. h4 gxh4 37. gxh4 Rc2 38. Rxa4 Rxc3 39. Ra6 Rc4+ 40. Kg3 Re4 41. Rb6 Re6 42. Rb8 Kg6 43. Rb5 Re3+ 44. Kf4 Re1 45. h5+ Kf6 46. Ra5 Rg1 47. Ra6+ Kg7 48. Ra5 Rf1+ 49. Kg4 Rb1 50. Rc5 Rb4+ 51. Kg3 Kf6 52. Rc7 Re4 53. Ra7 Re7 54. Ra6+ Kg5 55. Ra5+ f5 56. Kf3 Rb7 57. Ra8 Rb3+ 58. Kf2 Rh3 59. Kg2 Rxh5 60. Kg3 f4+ 61. Kf3 Rh3+ 62. Kf2 Rg3 63. Rg8+ Kh4 64. Rf8 Rg4 65. Kf3 h5 66. Rxf4 Kh3 67. Rf8 h4 68. Kf2 Kh2 69. Rf7 Rg2+ 70. Kf1 Ra2 71. Rf2+ 1/2-1/2

[Event "Werther - Paderborn"]
[Site "?"]
[Date "2024.02.04"]
[Round "5.4"]
[White "Goecke, Karl Ulrich"]
[Black "Schlangenotto, Niklas"]
[Result "0-1"]
[WhiteElo "2148"]
[BlackElo "1998"]
[PlyCount "72"]
[EventDate "2024.??.??"]
[SourceVersionDate "2023.09.25"]

1. d4 d5 2. Nf3 e6 3. g3 c5 4. Bg2 Nc6 5. O-O Nf6 6. c4 Be7 7. cxd5 exd5 8. dxc5 Bxc5 9. a3 a5 10. Bg5 O-O 11. Nc3 d4 12. Bxf6 Qxf6 13. Ne4 Qe7 14. Nxc5 Qxc5 15. Rc1 Qb6 16. Qd2 Re8 17. Rfd1 Bg4 18. Nxd4 Rad8 19. Bxc6 bxc6 20. Rxc6 Qb7 21. Rdc1 Bxe2 22. Qc3 Bg4 23. b4 axb4 24. axb4 h5 25. Nc2 Bh3 26. Ne3 Re7 27. Qc5 g6 28. b5 Kh7 29. Rc7 Rxc7 30. Qxc7 Rd1+ 31. Rxd1 Qxc7 32. Rb1 Qb6 33. Nd5 Qd4 34. Nf4 Bc8 35. b6 Qe4 36. Rb3 Bb7 0-1

[Event "Werther - Paderborn"]
[Site "?"]
[Date "2024.02.04"]
[Round "5.5"]
[White "Hoette, Moritz"]
[Black "Hufendiek, Ekkehard"]
[Result "1-0"]
[WhiteElo "2080"]
[BlackElo "1854"]
[PlyCount "149"]
[EventDate "2024.??.??"]
[SourceVersionDate "2023.09.25"]

1. d4 Nf6 2. c4 e6 3. Nf3 Bb4+ 4. Bd2 Be7 5. g3 d5 6. Bg2 O-O 7. Qc2 Ne4 8. O-O c6 9. Rd1 Nd7 10. Be1 h5 11. Nc3 f5 12. Nxe4 fxe4 13. Nd2 Nf6 14. f3 Qe8 15. fxe4 Ng4 16. Qc3 Bg5 17. Nf1 Qg6 18. exd5 exd5 19. cxd5 Bf5 20. h3 Nf6 21. dxc6 bxc6 22. Bd2 Be4 23. Bxg5 Bxg2 24. Kxg2 Qxg5 25. Qe3 Qg6 26. Qd3 Qg5 27. e4 Rae8 28. Nd2 Nd5 29. exd5 Re3 30. Ne4 Qh6 31. Qc2 cxd5 32. Nf2 Qf6 33. Rd2 Qf3+ 34. Kh2 Qxg3+ 35. Kh1 Qf3+ 36. Kh2 Qg3+ 37. Kh1 Rfe8 38. Qd1 Re2 39. Rxe2 Qf3+ 40. Kg1 Rxe2 41. Qf1 Re6 42. Qg2 Qf5 43. Kf1 Rg6 44. Qh2 Qc2 45. Qb8+ Kh7 46. Qb3 Qf5 47. Qd3 Qg5 48. Re1 Qg2+ 49. Ke2 Kh6 50. Qe3+ Kh7 51. Kd1 Rf6 52. Re2 Rf3 53. Qd2 Qg1+ 54. Kc2 Qg6+ 55. Kc1 Qg1+ 56. Qd1 Qg3 57. Qc2+ g6 58. Re7+ Kg8 59. Qc8+ Rf8 60. Qe6+ Kh8 61. Nd1 Qf4+ 62. Qe3 g5 63. Qxf4 Rxf4 64. Re5 Rxd4 65. Rxg5 h4 66. Rg4 Rxg4 67. hxg4 h3 68. Kd2 Kg7 69. Ke3 Kf6 70. Nf2 h2 71. Kf3 Ke6 72. Kg3 Ke5 73. Kxh2 Kf4 74. b4 Kf3 75. Kg1 1-0

[Event "Werther - Paderborn"]
[Site "?"]
[Date "2024.02.04"]
[Round "5.6"]
[White "Prochnow, Malte"]
[Black "Sicker, Rolf"]
[Result "1-0"]
[WhiteElo "1905"]
[BlackElo "2046"]
[PlyCount "31"]
[EventDate "2024.??.??"]
[SourceVersionDate "2023.09.25"]

1. e4 Nc6 2. d4 d5 3. exd5 Qxd5 4. Nf3 e5 5. Be3 exd4 6. Nxd4 Bd7 7. Nc3 Bb4 8. Ndb5 Qe5 9. Qd2 O-O-O 10. O-O-O Nf6 11. Bf4 Qc5 12. Bxc7 a6 13. Bxd8 Rxd8 14. Nd6+ Kb8 15. Nxf7 Rf8 16. Qd6+ 1-0

[Event "Werther - Paderborn"]
[Site "?"]
[Date "2024.02.04"]
[Round "5.7"]
[White "Stirnberg, Noah"]
[Black "Ortpaul, Mario"]
[Result "1-0"]
[WhiteElo "1866"]
[BlackElo "1937"]
[PlyCount "83"]
[EventDate "2024.??.??"]
[SourceVersionDate "2023.09.25"]

1. e4 d5 2. exd5 Qxd5 3. Nf3 c6 4. Be2 g6 5. O-O Bg7 6. d4 Nf6 7. c4 Qd6 8. Nc3 O-O 9. Bg5 Bf5 10. Qd2 Re8 11. Bf4 Qd8 12. h3 h5 13. Rfd1 Ne4 14. Qe3 Nxc3 15. bxc3 Qc8 16. Nh4 Bf6 17. Nxf5 Qxf5 18. g4 hxg4 19. hxg4 Qa5 20. g5 Bg7 21. c5 Nd7 22. Qh3 Nf8 23. Bc4 e5 24. Be3 Qxc3 25. Rac1 Qa5 26. d5 cxd5 27. Bxd5 Rab8 28. Qf3 Re7 29. c6 bxc6 30. Rc5 Qa3 31. Bc4 Ne6 32. Bxe6 Rxe6 33. Rd7 Rf8 34. Rc2 Qa4 35. Rcd2 e4 36. Qg4 Qb4 37. Rxa7 Be5 38. Rdd7 Qe1+ 39. Kg2 Qb4 40. Rxf7 Ree8 41. Qd7 Rd8 42. Rg7+ 1-0

[Event "Werther - Paderborn"]
[Site "?"]
[Date "2024.02.04"]
[Round "5.8"]
[White "Mussgnug, Oliver"]
[Black "Klueners, Juergen"]
[Result "1/2-1/2"]
[WhiteElo "2041"]
[BlackElo "2065"]
[PlyCount "26"]
[EventDate "2024.??.??"]
[SourceVersionDate "2023.09.25"]

1. e4 e5 2. Nf3 d6 3. d4 Nf6 4. Nc3 Nbd7 5. Bc4 Be7 6. O-O O-O 7. a4 c6 8. Qe2 exd4 9. Nxd4 Ne5 10. Bb3 c5 11. Ndb5 a6 12. Na3 Nc6 13. Ba2 Nb4 1/2-1/2

[Event "Hamm - Lippstadt"]
[Site "?"]
[Date "2024.02.04"]
[Round "5.1"]
[White "Besou, Hussain"]
[Black "Frombach, Ralf"]
[Result "1-0"]
[WhiteElo "2221"]
[BlackElo "2196"]
[PlyCount "59"]
[EventDate "2024.??.??"]
[SourceVersionDate "2023.09.25"]

1. d4 d6 2. e4 Nf6 3. Nc3 c6 4. f3 e5 5. Be3 Be7 6. Qd2 O-O 7. O-O-O b5 8. g4 Qa5 9. Kb1 b4 10. Nce2 Be6 11. b3 Qc7 12. g5 Nfd7 13. f4 Bg4 14. Bh3 Bxh3 15. Nxh3 Re8 16. dxe5 dxe5 17. f5 Bf8 18. g6 fxg6 19. fxg6 h6 20. Qd3 Nf6 21. Qc4+ Kh8 22. Rhf1 Nbd7 23. Rf3 Nb6 24. Bxb6 axb6 25. Ng5 Re7 26. Nf7+ Rxf7 27. Qxf7 Be7 28. Rxf6 Qa7 29. Nc1 Bxf6 30. Rd8+ 1-0

[Event "Hamm - Lippstadt"]
[Site "?"]
[Date "2024.02.04"]
[Round "5.2"]
[White "Pruess, Wilfried"]
[Black "Hecht, Carsten"]
[Result "0-1"]
[WhiteElo "2096"]
[BlackElo "2290"]
[PlyCount "80"]
[EventDate "2024.??.??"]
[SourceVersionDate "2023.09.25"]

1. d4 Nf6 2. Bf4 d5 3. e3 c5 4. c3 Nc6 5. Bd3 Qb6 6. Qb3 c4 7. Qxb6 axb6 8. Bc2 b5 9. Ne2 Bg4 10. f3 Bh5 11. O-O e6 12. Nd2 b4 13. e4 Bg6 14. Bg3 Nh5 15. Bf2 Bd6 16. g3 Bc7 17. Bb1 Nf6 18. Be3 Kd7 19. Nf4 bxc3 20. bxc3 Ra3 21. Ne2 Rha8 22. Kf2 dxe4 23. Nxc4 exf3 24. Nxa3 fxe2 25. Kxe2 Bh5+ 26. Kd2 Rxa3 27. Kc2 Nd5 28. Bd2 Na5 29. Kc1 Nxc3 30. Bxc3 Rxc3+ 31. Kd2 Rc4 32. Bxh7 Rxd4+ 33. Kc3 Rc4+ 34. Kd3 f5 35. Rfe1 Rc6 36. Rac1 Rd6+ 37. Ke3 g5 38. Kf2 Bb6+ 39. Kf1 Rd2 40. h3 Bf3 0-1

[Event "Hamm - Lippstadt"]
[Site "?"]
[Date "2024.02.04"]
[Round "5.3"]
[White "Wagner, Alexej"]
[Black "Gerard, Marcel"]
[Result "1-0"]
[WhiteElo "2212"]
[BlackElo "2080"]
[PlyCount "125"]
[EventDate "2024.??.??"]
[SourceVersionDate "2023.09.25"]

1. d4 Nf6 2. c4 e6 3. Nc3 Bb4 4. Qc2 Nc6 5. Nf3 d6 6. Bd2 e5 7. d5 Bxc3 8. Bxc3 Ne7 9. e4 a5 10. g3 O-O 11. Bg2 Ne8 12. Nd2 f5 13. exf5 Bxf5 14. Ne4 Nf6 15. O-O Ng6 16. Rae1 Qd7 17. Nxf6+ Rxf6 18. Qd2 Rff8 19. h4 Bh3 20. f3 Bxg2 21. Kxg2 Qf5 22. Qe3 b6 23. Qe4 Rf7 24. Qxf5 Rxf5 25. b3 h5 26. a3 Raf8 27. Re2 R5f7 28. Rff2 Ne7 29. Re4 Ng6 30. Re1 Ne7 31. Rff1 Ng6 32. b4 axb4 33. axb4 Ne7 34. Bd2 b5 35. Bg5 bxc4 36. Bxe7 Rxe7 37. Re4 c3 38. Rc1 Rb8 39. Rxc3 Rb5 40. Rd3 Kf7 41. g4 hxg4 42. fxg4 Ke8 43. h5 Rf7 44. Kg3 g5 45. hxg6 Rg7 46. g5 Rxg6 47. Kg4 Kd7 48. Kf5 Rg8 49. g6 Rbb8 50. Rc3 Rbf8+ 51. Kg5 Rf1 52. Rg4 Rd1 53. Rh3 Rxd5 54. Rh7+ Ke6 55. Rxc7 Rb5 56. Rgc4 e4+ 57. Kh6 d5 58. R4c6+ Ke5 59. Kh7 Rxg6 60. Kxg6 Rxb4 61. Kg5 Kd4 62. Kf4 Rb1 63. Rc1 1-0

[Event "Hamm - Lippstadt"]
[Site "?"]
[Date "2024.02.04"]
[Round "5.4"]
[White "Paduch, Alexander"]
[Black "Tran, Duc Cuong"]
[Result "1/2-1/2"]
[WhiteElo "1987"]
[BlackElo "2124"]
[PlyCount "71"]
[EventDate "2024.??.??"]
[SourceVersionDate "2023.09.25"]

1. e4 c6 2. d4 d5 3. e5 c5 4. dxc5 e6 5. a3 Bxc5 6. b4 Be7 7. Bb2 a5 8. b5 f6 9. Nf3 Nd7 10. c4 Nxe5 11. Nxe5 fxe5 12. cxd5 Nf6 13. Bxe5 Qxd5 14. Qxd5 exd5 15. Bd3 O-O 16. O-O Nd7 17. Bd4 Bc5 18. Bb2 b6 19. Nd2 Bb7 20. Rae1 Rae8 21. Nf3 Nf6 22. Ng5 Ne4 23. Nxe4 dxe4 24. Bc4+ Kh8 25. Bc1 Rc8 26. Be6 Rcd8 27. Be3 Bxa3 28. Ra1 Bb4 29. Rfd1 Bc8 30. Bxc8 Rxc8 31. Bxb6 Rb8 32. Bxa5 Bc5 33. Be1 e3 34. Ra2 Rxb5 35. fxe3 Bxe3+ 36. Bf2 1/2-1/2

[Event "Hamm - Lippstadt"]
[Site "?"]
[Date "2024.02.04"]
[Round "5.5"]
[White "Graf, Tobias"]
[Black "Klaus, Michael"]
[Result "1-0"]
[WhiteElo "1970"]
[BlackElo "1931"]
[PlyCount "51"]
[EventDate "2024.??.??"]
[SourceVersionDate "2023.09.25"]

1. c4 Nf6 2. Nc3 g6 3. e4 d6 4. d4 Bg7 5. f3 O-O 6. Bg5 Nbd7 7. Qd2 c6 8. Nge2 Qc7 9. g4 Nb6 10. Ng3 e5 11. Be3 exd4 12. Bxd4 Be6 13. b3 Rad8 14. Rc1 Qb8 15. Be2 d5 16. cxd5 cxd5 17. e5 Nfd7 18. f4 f5 19. gxf5 Bxf5 20. Nxf5 Rxf5 21. Bg4 Rff8 22. O-O Rfe8 23. Nb5 Rc8 24. Rxc8 Rxc8 25. Bxd7 Nxd7 26. Bxa7 1-0

[Event "Hamm - Lippstadt"]
[Site "?"]
[Date "2024.02.04"]
[Round "5.6"]
[White "Sporkert, Corina"]
[Black "Kuehler, Andreas"]
[Result "1-0"]
[WhiteElo "1792"]
[BlackElo "1960"]
[PlyCount "52"]
[EventDate "2024.??.??"]
[SourceVersionDate "2023.09.25"]

1. e4 e5 2. Nf3 Nc6 3. Bc4 Bc5 4. d3 Nf6 5. Nc3 a6 6. O-O Ba7 7. Bg5 h6 8. Be3 d6 9. h3 O-O 10. Qd2 Re8 11. Kh1 Be6 12. Bxh6 gxh6 13. Qxh6 Nh7 14. Nd5 Bxd5 15. Bxd5 Qf6 16. Qh5 Nd8 17. Nh2 c6 18. Ng4 Qg7 19. Nh6+ Kf8 20. Bb3 Ne6 21. Nf5 Qg6 22. Qxg6 fxg6 23. Nxd6 Re7 24. Nxb7 Rxb7 25. Bxe6 Rxb2 26. Bb3 g5 1-0

[Event "Hamm - Lippstadt"]
[Site "?"]
[Date "2024.02.04"]
[Round "5.7"]
[White "Schulte, Tobias"]
[Black "Happel, Heiner"]
[Result "0-1"]
[WhiteElo "1841"]
[BlackElo "2226"]
[PlyCount "92"]
[EventDate "2024.??.??"]
[SourceVersionDate "2023.09.25"]

1. e4 c5 2. Nf3 e6 3. g3 Nc6 4. Bg2 Nf6 5. Qe2 d5 6. exd5 Nxd5 7. O-O Be7 8. d3 O-O 9. Nbd2 b6 10. Nc4 Bb7 11. c3 Rc8 12. Nce5 Nf6 13. Nxc6 Bxc6 14. Rd1 Qc7 15. d4 Rfd8 16. Be3 cxd4 17. Bxd4 Qb7 18. Re1 b5 19. a3 Nd7 20. Qf1 Nc5 21. Nd2 Bxg2 22. Qxg2 Qxg2+ 23. Kxg2 Nd3 24. Reb1 Bc5 25. Nb3 Bxd4 26. Nxd4 a6 27. Nc2 a5 28. Ne1 Nxe1+ 29. Rxe1 Rd2 30. Rab1 g6 31. Re5 b4 32. Re3 bxa3 33. bxa3 Ra2 34. Rb3 a4 35. Rb4 Rxa3 36. c4 Rxe3 37. fxe3 Ra8 38. Rb2 Kf8 39. Kf2 Ke7 40. Ke2 a3 41. Ra2 Kd6 42. Kd3 Kc5 43. Kc3 f5 44. h3 e5 45. h4 h6 46. Kb3 e4 0-1

[Event "Herford - Kirchlengern"]
[Site "?"]
[Date "2024.02.04"]
[Round "5.1"]
[White "Gulatz, Maurice"]
[Black "Quelle, Helmut"]
[Result "1-0"]
[WhiteElo "2173"]
[BlackElo "2049"]
[PlyCount "67"]
[EventDate "2024.??.??"]
[SourceVersionDate "2023.09.25"]

1. d4 Nf6 2. c4 g6 3. Nc3 Bg7 4. e4 d6 5. h3 O-O 6. Be3 c5 7. d5 e6 8. Nf3 exd5 9. cxd5 Re8 10. Nd2 Bd7 11. a4 Na6 12. Be2 Nc7 13. O-O a6 14. Bf4 b5 15. axb5 Nxb5 16. Bf3 Bf8 17. Re1 Nd4 18. Nc4 Bb5 19. Nxb5 Nxb5 20. e5 dxe5 21. Bxe5 Nd4 22. d6 Nxf3+ 23. Qxf3 Nd7 24. Bc3 Rxe1+ 25. Rxe1 Ra7 26. Qe3 Rb7 27. Qe4 Rb5 28. Ne5 Nxe5 29. Qxe5 f6 30. Qd5+ Kg7 31. Re6 c4 32. Qxc4 Rf5 33. g4 Rf3 34. Qc7+ 1-0

[Event "Herford- Kirchlengern"]
[Site "?"]
[Date "2024.02.04"]
[Round "5.2"]
[White "Schalt, Guideon"]
[Black "Ott, Mathias"]
[Result "0-1"]
[WhiteElo "1758"]
[BlackElo "2013"]
[PlyCount "62"]
[EventDate "2024.??.??"]
[SourceVersionDate "2023.09.25"]

1. d4 d5 2. Nf3 c6 3. c4 e6 4. Nc3 dxc4 5. a4 Bb4 6. e3 b5 7. Bd2 a5 8. Ne5 Bxc3 9. Bxc3 Nf6 10. axb5 cxb5 11. b3 Bb7 12. bxc4 b4 13. Bd2 O-O 14. c5 Qc7 15. Nc4 Nbd7 16. Ra2 e5 17. dxe5 Nxe5 18. Nb6 Rad8 19. Qa1 Ne4 20. Bc1 Nc3 21. Bb2 Rd1+ 22. Qxd1 Nxd1 23. Kxd1 Qxc5 24. Bd4 Rd8 25. Rd2 Qc7 26. Be2 Nc6 27. Nc4 Nxd4 28. exd4 a4 29. Ne5 Qc3 30. Bc4 Rxd4 31. Bxf7+ Kf8 0-1

[Event "Herford - Kirchlengern"]
[Site "?"]
[Date "2024.02.04"]
[Round "5.3"]
[White "Dilger, Tim"]
[Black "Klemme, Thomas"]
[Result "1-0"]
[WhiteElo "1863"]
[BlackElo "1987"]
[PlyCount "51"]
[EventDate "2024.??.??"]
[SourceVersionDate "2023.09.25"]

1. d4 d5 2. c4 e6 3. Nf3 Nf6 4. Nc3 Bb4 5. Qa4+ Nc6 6. Bg5 O-O 7. e3 h6 8. Bh4 Be7 9. cxd5 Nxd5 10. Bxe7 Qxe7 11. Rc1 Rd8 12. Bb5 Bd7 13. Nxd5 exd5 14. O-O a6 15. Bxc6 Bxc6 16. Qb3 f6 17. Rc5 Qf7 18. Rfc1 Rd6 19. Ne1 Rc8 20. Nd3 Bb5 21. Nf4 Bc6 22. a4 Kh8 23. e4 Qd7 24. exd5 Bxa4 25. Ng6+ Kg8 26. Qxb7 1-0

[Event "Meschede - Sodingen "]
[Site "?"]
[Date "2024.02.04"]
[Round "5.1"]
[White "Werrn, Pascal"]
[Black "Rittmeier, Bernhard"]
[Result "1/2-1/2"]
[WhiteElo "2127"]
[BlackElo "2232"]
[PlyCount "103"]
[EventDate "2024.??.??"]
[SourceVersionDate "2023.09.25"]

1. c4 e6 2. Nf3 d5 3. e3 Nf6 4. Nc3 c5 5. cxd5 exd5 6. Bb5+ Nc6 7. d4 a6 8. Bxc6+ bxc6 9. dxc5 Bxc5 10. O-O O-O 11. b3 Qe7 12. Bb2 Ba3 13. Bxa3 Qxa3 14. h3 Be6 15. Qc1 Qd6 16. Rd1 Rfc8 17. e4 Qc7 18. exd5 cxd5 19. Na4 Bd7 20. Qxc7 Rxc7 21. Nb6 Raa7 22. Nxd5 Nxd5 23. Rxd5 g6 24. Ne5 Be6 25. Ra5 Rc2 26. b4 Rac7 27. Rxa6 Rc1+ 28. Rxc1 Rxc1+ 29. Kh2 Rc2 30. a4 Rxf2 31. Kg3 Rb2 32. b5 Bd5 33. Rd6 Bxg2 34. Nc4 Ra2 35. a5 Bh1 36. a6 Ra4 37. Rd1 Be4 38. Nd6 Ra3+ 39. Kf4 Bf3 40. Nc4 Rc3 41. Rc1 Rxc1 42. Kxf3 Rxc4 43. b6 Rc6 44. a7 Rxb6 45. a8=Q+ Kg7 46. Qa1+ Kg8 47. Qd4 Rb5 48. Qd8+ Kg7 49. Qd4+ Kg8 50. Qd8+ Kg7 51. Qd4+ Kg8 52. Qd8+ 1/2-1/2

[Event "Meschede - Sodingen"]
[Site "?"]
[Date "2024.02.04"]
[Round "5.2"]
[White "Voss, Georg"]
[Black "Waldschmidt, Georg"]
[Result "0-1"]
[WhiteElo "1863"]
[BlackElo "2128"]
[PlyCount "62"]
[EventDate "2024.??.??"]
[SourceVersionDate "2023.09.25"]

1. c4 e6 2. g3 d5 3. Bg2 Nf6 4. Nf3 Be7 5. O-O c5 6. d3 Nc6 7. cxd5 exd5 8. d4 O-O 9. dxc5 Bxc5 10. Bg5 Re8 11. Nbd2 h6 12. Bxf6 Qxf6 13. Nb3 Bb6 14. Qd2 Bg4 15. a4 a6 16. a5 Ba7 17. Rac1 Rad8 18. h3 Bh5 19. g4 Bg6 20. g5 hxg5 21. Nxg5 Bh5 22. Nf3 Ne5 23. Nbd4 Nc4 24. Qc3 Nd6 25. Rcd1 Rc8 26. Qb3 Rc4 27. Nc2 Rxe2 28. Na3 Rf4 29. Rxd5 Bxf3 30. Rxd6 Qg5 31. Rd8+ Kh7 0-1

[Event "Meschede - Sodingen"]
[Site "?"]
[Date "2024.02.04"]
[Round "5.3"]
[White "Boehnke, Martin"]
[Black "Weber, Andre"]
[Result "1/2-1/2"]
[WhiteElo "2136"]
[BlackElo "2024"]
[PlyCount "31"]
[EventDate "2024.??.??"]
[SourceVersionDate "2023.09.25"]

1. d4 Nf6 2. c4 e6 3. g3 d5 4. Bg2 Be7 5. Nf3 O-O 6. O-O b6 7. Nc3 Bb7 8. Ne5 Nbd7 9. Bf4 a6 10. Rc1 Rc8 11. Qa4 c6 12. Qb3 b5 13. cxb5 cxb5 14. Nb1 Nxe5 15. Bxe5 Qb6 16. Bxf6 1/2-1/2

[Event "Meschede - Sodingen"]
[Site "?"]
[Date "2024.02.04"]
[Round "5.4"]
[White "Dyballa, Gerhard"]
[Black "Becker, Joerg"]
[Result "1/2-1/2"]
[WhiteElo "1878"]
[BlackElo "2183"]
[PlyCount "71"]
[EventDate "2024.??.??"]
[SourceVersionDate "2023.09.25"]

1. c4 e5 2. Nc3 Bb4 3. Nd5 Ba5 4. e4 c6 5. Ne3 Nf6 6. Qc2 d6 7. Nf3 O-O 8. Be2 Nbd7 9. O-O Nc5 10. d3 Ne6 11. Nf5 Bc7 12. d4 exd4 13. N5xd4 Nc5 14. b4 Ncxe4 15. Bb2 Re8 16. Rfe1 Ng4 17. Bd3 Nef6 18. Rad1 Rxe1+ 19. Rxe1 Bd7 20. Nf5 Ne5 21. Nxe5 dxe5 22. Bxe5 Bxe5 23. Rxe5 Bxf5 24. Rxf5 Qd4 25. Bf1 Re8 26. Rf3 g6 27. Qc3 Qxc3 28. Rxc3 Re1 29. f3 Rb1 30. a3 Kf8 31. Kf2 Rb2+ 32. Be2 Nh5 33. g3 f5 34. Rd3 Ke7 35. Re3+ Kd7 36. Rd3+ 1/2-1/2

[Event "Meschede - Sodingen"]
[Site "?"]
[Date "2024.02.04"]
[Round "5.5"]
[White "Mueller, Frank"]
[Black "Kampert, Andreas"]
[Result "1-0"]
[WhiteElo "1980"]
[BlackElo "1909"]
[PlyCount "59"]
[EventDate "2024.??.??"]
[SourceVersionDate "2023.09.25"]

1. e4 c6 2. d4 d5 3. exd5 cxd5 4. Bd3 Nc6 5. c3 Nf6 6. Bf4 Bg4 7. Qb3 Na5 8. Qa4+ Bd7 9. Qc2 b5 10. h3 Rc8 11. Nf3 e6 12. O-O Be7 13. Qe2 a6 14. Ne5 O-O 15. Nd2 h6 16. a4 Nc4 17. axb5 Bxb5 18. Ndxc4 dxc4 19. Nxc4 Qd5 20. Nb6 Qb3 21. Nxc8 Rxc8 22. Bxb5 axb5 23. Ra7 Bf8 24. Rfa1 Nd5 25. Be5 Nb6 26. Qf3 f5 27. Bxg7 Qxb2 28. Qb7 Rxc3 29. Qf7+ Kh7 30. Bf6+ 1-0

[Event "Meschede - Sodingen"]
[Site "?"]
[Date "2024.02.04"]
[Round "5.6"]
[White "Schubert, Gerhard"]
[Black "Berndt, Joachim"]
[Result "1-0"]
[WhiteElo "1902"]
[BlackElo "2057"]
[PlyCount "93"]
[EventDate "2024.??.??"]
[SourceVersionDate "2023.09.25"]

1. Nf3 Nf6 2. d4 c5 3. c3 e6 4. Bf4 Qb6 5. Qb3 cxd4 6. Qxb6 axb6 7. Nxd4 Nd5 8. Bg3 f5 9. e3 Nc6 10. Nb5 Kf7 11. Nd2 g5 12. Nc7 Nxc7 13. Bxc7 Bc5 14. Nc4 b5 15. Nd6+ Bxd6 16. Bxd6 Na5 17. Bxb5 Nb3 18. Rb1 Na5 19. h4 g4 20. Ke2 Nc6 21. a3 b6 22. f3 gxf3+ 23. gxf3 Ba6 24. Bxa6 Rxa6 25. Rhg1 b5 26. Rbd1 Rg8 27. h5 Raa8 28. e4 Na5 29. Rxg8 Kxg8 30. Bc7 Nc4 31. Rxd7 Nxb2 32. h6 Nc4 33. Rg7+ Kh8 34. Re7 fxe4 35. fxe4 Kg8 36. Rg7+ Kh8 37. Rd7 Kg8 38. Kd3 Rxa3 39. Rg7+ Kh8 40. Bd8 Ne5+ 41. Ke2 Ra2+ 42. Kf1 Ra1+ 43. Kg2 Ra2+ 44. Kg3 Rc2 45. Bf6 Rxc3+ 46. Kg2 Rc2+ 47. Kf1 1-0

[Event "Meschede - Sodingen"]
[Site "?"]
[Date "2024.02.04"]
[Round "5.8"]
[White "Herlitschka, Eni"]
[Black "Graw, Christopher"]
[Result "0-1"]
[WhiteElo "1405"]
[BlackElo "2213"]
[PlyCount "58"]
[EventDate "2024.??.??"]
[SourceVersionDate "2023.09.25"]

1. e4 c5 2. Nf3 d6 3. d4 cxd4 4. Nxd4 Nf6 5. Nc3 a6 6. Bc4 e6 7. Bg5 b5 8. Bb3 Bb7 9. Qe2 Nbd7 10. O-O Nc5 11. a3 Be7 12. f3 Nfxe4 13. Nxe4 Bxg5 14. Rad1 Bxe4 15. fxe4 O-O 16. Qg4 Bf6 17. Ba2 Kh8 18. c3 Rc8 19. Rf3 Nd7 20. Qh5 Rc5 21. Qh3 Qe7 22. Kh1 g6 23. Rfd3 Rh5 24. Qe3 Ne5 25. R3d2 Rxh2+ 26. Kg1 Bg5 27. Qg3 Rh4 28. Re2 Bf4 29. Qe1 Qg5 0-1

[Event "Kamen- Hemer"]
[Site "?"]
[Date "2024.02.04"]
[Round "5.2"]
[White "Huckebrink, Chris"]
[Black "Runte, Moritz"]
[Result "1/2-1/2"]
[WhiteElo "2221"]
[BlackElo "2169"]
[PlyCount "93"]
[EventDate "2024.??.??"]
[SourceVersionDate "2023.09.25"]

1. e4 c5 2. Nf3 d6 3. d4 cxd4 4. Nxd4 Nf6 5. Nc3 a6 6. f3 e5 7. Nb3 Be6 8. Be3 h5 9. Qd2 Nbd7 10. Nd5 Nxd5 11. exd5 Bf5 12. c4 a5 13. Be2 Be7 14. O-O O-O 15. f4 exf4 16. Bxf4 Bg6 17. Bd3 Bxd3 18. Qxd3 Ra6 19. Nd4 Bf6 20. Nb5 Bxb2 21. Rae1 Be5 22. Bxe5 Nxe5 23. Qe2 Re8 24. Qxh5 g6 25. Qh3 Qc8 26. Qxc8 Rxc8 27. Nxd6 Rxd6 28. Rxe5 Rxc4 29. Re8+ Kg7 30. Re7 Rxd5 31. Rfxf7+ Kh6 32. Rxb7 Rc1+ 33. Kf2 Rc2+ 34. Kf3 Kg5 35. a4 Rc3+ 36. Ke4 Rf5 37. Rxf5+ gxf5+ 38. Ke5 Re3+ 39. Kd5 Re4 40. Ra7 Rxa4 41. g3 f4 42. Rg7+ Kh5 43. Rh7+ Kg4 44. Rh4+ Kf3 45. gxf4 Rxf4 46. Rxf4+ Kxf4 47. Kc4 1/2-1/2

[Event "Kamen- Hemer"]
[Site "?"]
[Date "2024.02.04"]
[Round "5.3"]
[White "Leonard, Timo"]
[Black "Weidemann, Christian"]
[Result "1-0"]
[WhiteElo "2191"]
[BlackElo "2200"]
[PlyCount "31"]
[EventDate "2024.??.??"]
[SourceVersionDate "2023.09.25"]

1. e4 c5 2. c3 Nf6 3. e5 Nd5 4. Nf3 Nc6 5. Bc4 e6 6. d4 cxd4 7. cxd4 d6 8. O-O Be7 9. Qe2 O-O 10. Nc3 Nxc3 11. bxc3 dxe5 12. dxe5 Qa5 13. Qe4 Qa4 14. Bg5 Rd8 15. Bxe7 Nxe7 16. Ng5 1-0